Effective C++: 50 specific ways to improve yuor programs and designs

Uloženo v:
Podrobná bibliografie
Hlavní autor: Scott Meyers
Médium: Kniha
Jazyk:Undetermined
Vydáno: Boston, MA Addison-Wesley 1998
Témata:
Tagy: Přidat tag
Žádné tagy, Buďte první, kdo otaguje tento záznam!
Thư viện lưu trữ: Trung tâm Học liệu Trường Đại học Cần Thơ
LEADER 00522nam a2200181Ia 4500
001 CTU_58086
008 210402s9999 xx 000 0 und d
082 |a 005.133 
082 |b M613 
100 |a Scott Meyers 
245 0 |a Effective C++: 50 specific ways to improve yuor programs and designs 
245 0 |c Scott Meyers 
260 |a Boston, MA 
260 |b Addison-Wesley 
260 |c 1998 
650 |a c++ ( computer program language ) 
904 |i Minh 
980 |a Trung tâm Học liệu Trường Đại học Cần Thơ